000 007310000a22002170004500
003 LK-CoMWRAF
005 20231020151912.0
008 230817t2000 ||||| |||| 00| 0 eng d
020 _a9840514962
040 _aLK-CoMWRAF
_dLK-CoMWRAF
_eLK-CoMWRAF
041 _aeng
082 _a352.4
_bINS
110 _aInstitute for Development Policy Analysis and Advocacy
245 _aThe Budget and The Poor:
_bA study commissioned by IDPAA, PROSHIKA and conducted by Shamunnay
260 _aDhaka:
_bThe University Press.
_c2000
300 _a xxxiv, 309 p. : ill. ; 22 cm.
_bBibliography included
650 _aBUDGET-Bangladesh
650 _aPoor -Bangladesh
650 _aBangladesh -Appropriations and expenditures
942 _cBK
999 _c168
_d168